Duże państwa graniczące z małymi państwami - Statystyki

Ogólne statystyki
  • Ten quiz został rozwiązany 370 razy
  • Średni wynik to 19 z 28
Statystyki odpowiedzi
państwo % Poprawnych
Francja
91%
Włochy
90%
Hiszpania
87%
Rosja
87%
Niemcy
81%
Watykan
81%
San Marino
80%
Andora
78%
Chiny
78%
Luksemburg
75%
Monako
75%
Austria
72%
Liechtenstein
71%
Estonia
70%
Szwajcaria
70%
Lotwa
69%
Litwa
68%
Gruzja
63%
Azerbejdzan
58%
Korea Północna
58%
Arabia Saudyjska
55%
Bhutan
55%
Indonezja
54%
Katar
51%
Demokratyczna Republika Konga
49%
Kuwejt
48%
Timor Wschodni
44%
Rwanda
40%
Nie znaleziono quizów pasujących do podanych kryteriów
Rozkład punktacji
Procent ludzi z każdym wynikiem
Percentyl według liczby udzielonych odpowiedzi
Twoja historia wyników
Nie rozwiązałeś tego quizu